000
00315nam a2200145Ia 4500
100
_a
Prakash Nirmala/Mrs
942
_c
BK
654
_a
geometry
245
_a
Differential Geometry
260
_b
Tata Mc Graw hill
_a
New Delhi
_c
1985
082
_a
516.36
_b
PRA
300
_a
414
546
_a
ENGLISH
999
_c
22191
_d
22191